Quel rappeur et quelle musique ? - Statistiques

Statistiques générales
  • Ce quiz a été pris 366 fois
  • Le résultat moyen est 3 sur 20
Statistiques - réponses
Hint Réponse % Correct
Rappeur : Freeze Corleone
66%
Titre : Hors ligne
29%
Rappeur : Ziak
29%
Rappeur : Sasso
25%
Titre : J'picole
23%
Rappeur : Dinos
22%
Titre : Ronaldo
14%
Rappeur : Rémy
13%
Rappeur : Sofiane
10%
Titre : Reminem
8%
Rappeur : Lacrim
5%
Titre : Quand les cailleras prient
5%
Rappeur : DA Uzi
4%
Rappeur : Gambi
4%
Titre : Oh bah oui
4%
Rappeur : Maes
3%
Titre : WeLaRue 6
3%
Titre : #Jesuispasséchezso 10
2%
Titre : C'est moi Mbappe
1%
Titre : Freestyle OKLM
1%
Aucun quiz correspondant
Distribution des résultats
% des personnes avec chaque résultat
Percentile par nombre de réponses
Votre historique - résultats
Vous n’avez pas pris ce quiz